[Event "Zhong Hong Real Estate Cup"]
[Site "Beijing CHN"]
[Date "2001.07.22"]
[Round "3"]
[White "Li Shilong"]
[Black "Wu Shaobin"]
[Result "1-0"]
[WhiteElo "2486"]
[BlackElo "2535"]

1.e4 c5 2.c3 Nf6 3.e5 Nd5 4.d4 cxd4 5.Nf3 e6 6.cxd4 d6 7.Bc4 Nb6 8.Bb3 Be7
9.O-O O-O 10.Qe2 dxe5 11.dxe5 Na6 12.Rd1 Bd7 13.Nc3 Nc5 14.Bc2 Qc7 15.Ng5 h6
16.Nh7 Rfd8 17.Nf6+ Bxf6 18.exf6 Ba4 19.Qg4 g6 20.Bxg6 Rxd1+ 21.Nxd1 fxg6
22.Qxg6+ Kh8 23.f7  1-0

[Event "Zhong Hong Real Estate Cup"]
[Site "Beijing CHN"]
[Date "2001.07.22"]
[Round "3"]
[White "Xu Yaping"]
[Black "Wang Zili"]
[Result "0-1"]
[WhiteElo "2050"]
[BlackElo "2557"]

1.e4 c5 2.c3 Nf6 3.e5 Nd5 4.d4 cxd4 5.Nf3 Nc6 6.cxd4 d6 7.Bc4 e6 8.O-O Be7
9.Qe2 O-O 10.Nc3 dxe5 11.dxe5 Nxc3 12.bxc3 b6 13.Bb2 Bb7 14.Bd3 Qc7 15.Rfe1 Rfd8
16.h4 g6 17.Rad1 Bf8 18.Ng5 Bg7 19.f4 Ne7 20.Ne4 Nf5 21.Qf2 Bxe4 22.Bxe4 Rxd1
23.Rxd1 Rd8 24.Rxd8+ Qxd8 25.Bxf5 Bf8 26.Kh2 exf5 27.g3 Qd5 28.Bc1 Bc5 29.Qe2 h5
30.Qg2 Qc4 31.Qd2  0-1

[Event "XXI Open"]
[Site "Cullera ESP"]
[Date "2001.07.22"]
[Round "4"]
[White "Adell Corts,F"]
[Black "Granero Roca,A"]
[Result "1-0"]
[WhiteElo "2148"]
[BlackElo "2383"]

1.e4 c5 2.c3 Nf6 3.e5 Nd5 4.d4 cxd4 5.cxd4 d6 6.Nf3 Nc6 7.Bc4 Nb6 8.Bb3 d5
9.h3 Bf5 10.Nc3 e6 11.O-O Be7 12.Bc2 Bxc2 13.Qxc2 Rc8 14.Bf4 O-O 15.Rac1 Nc4
16.b3 Nb6 17.Qb2 Nd7 18.Na4 Qa5 19.Qe2 Ba3 20.Bd2 Qd8 21.Rcd1 a6 22.Bc1 Be7
23.Bd2 b5 24.Nb2 Qb6 25.Qe3 Nb4 26.Bxb4 Bxb4 27.Nd3 Be7 28.b4 Rc4 29.Nc5 Bxc5
30.dxc5 Qc7 31.Rd4 a5 32.a3 Ra8 33.h4 h6 34.g4 Qb7 35.h5 axb4 36.axb4 Ra4
37.Rb1 Rc2 38.g5 hxg5 39.Qxg5 f6 40.Qg6 Raa2 41.Qe8+ Nf8 42.h6 Ra8 43.h7+ Kh8
44.Qh5 Qe7 45.Rg4 Rc4 46.exf6 Rxg4+ 47.Qxg4 Qxf6 48.Re1 Ra3 49.Ne5 Kxh7 50.Qh5+ Kg8
51.c6 Ra2 52.Re2 g6 53.Qg4 Ra1+ 54.Kg2 Rc1 55.Re3 Kg7 56.Nd7 Qa1 57.Qf3 Qa7
58.Qf6+ Kg8 59.Rh3  1-0

[Event "ch-Paris Open"]
[Site "Paris FRA"]
[Date "2001.07.22"]
[Round "2"]
[White "Van de Oudeweetering,A"]
[Black "Licayan,A"]
[Result "1-0"]
[WhiteElo "2409"]
[BlackElo "2169"]

1.e4 c5 2.c3 Nf6 3.e5 Nd5 4.d4 cxd4 5.Nf3 e6 6.cxd4 Nc6 7.Nc3 Nxc3 8.bxc3 d5
9.exd6 Bxd6 10.Bd3 h6 11.O-O Qc7 12.c4 O-O 13.Bb2 e5 14.c5 Be7 15.d5 Rd8
16.d6 Bxd6 17.cxd6 Rxd6 18.Qc2 f6 19.Ba3 Rd8 20.Nh4 Qa5 21.Bc4+  1-0

[Event "3rd Open"]
[Site "Patras GRE"]
[Date "2001.07.22"]
[Round "5"]
[White "Hadzimanolis,A"]
[Black "Tzermiadianos,And"]
[Result "0-1"]
[WhiteElo "2281"]
[BlackElo "2446"]

1.e4 c5 2.c3 Nf6 3.e5 Nd5 4.d4 cxd4 5.Nf3 Nc6 6.cxd4 d6 7.Bc4 e6 8.O-O Be7
9.Qe2 O-O 10.Qe4 Qc7 11.Re1 dxe5 12.dxe5 Nb6 13.Bd3 g6 14.Bh6 Rd8 15.Nbd2 Nd7
16.Bb5 Nc5 17.Qf4 a6 18.Bf1 a5 19.Ne4 Nxe4 20.Rxe4 Bd7 21.Rc1 Be8 22.Bg5 Bxg5
23.Nxg5 h6 24.Nf3 Kh7 25.Ng5+ hxg5 26.Qxg5 Kg8 27.Rxc6 Bxc6 28.Rh4 Rd1 29.h3 Qd8
30.Qh6 Rxf1+ 31.Kh2 Qxh4 32.Qxh4 Rc8 33.g4 Rd1 34.Kg3 Rd4 35.Qe7 Re8 36.Qc7 a4
37.f4 Kg7 38.Qb6 Rd3+ 39.Kh4 Rh8+ 40.Kg5 Rg3  0-1

[Event "16th Maccabia IM"]
[Site "Tel Aviv ISR"]
[Date "2001.07.22"]
[Round "8"]
[White "Erenburg,S"]
[Black "Bar,R"]
[Result "1/2-1/2"]
[WhiteElo "2419"]
[BlackElo "2412"]

1.e4 c5 2.c3 Nf6 3.d3 Nc6 4.f4 d6 5.Nf3 g6 6.g3 Bg7 7.Bg2 O-O 8.Qe2 Bg4 9.h3 Bxf3
10.Qxf3 Rc8 11.O-O b5 12.a3 a5 13.g4 b4 14.axb4 axb4 15.Kh1 Nd7 16.g5 Na5
17.Qd1 Rb8 18.Be3 Qc7 19.h4 bxc3 20.bxc3 Ra8 21.Bg1 Nc6 22.Rxa8 Rxa8 23.h5 Ra1
24.f5 gxh5 25.Qxh5 Qb8 26.Qd1 Bxc3 27.g6 Bg7 28.gxf7+ Kxf7 29.e5 Ncxe5 30.Bd5+ Kf8
31.d4 cxd4 32.Bxd4 Ra5 33.Nc3 Nf6 34.Be6 Qe8 35.Kg2 Qh5 36.Bxe5 Qxd1 37.Rxd1 Rxe5
38.Rb1 Bh6 39.Rb8+ Kg7 40.Rb7 Kf8 41.Rb8+ Kg7 42.Rb7 Bd2 43.Rxe7+ Kh6 44.Nd1 Nd5
45.Rd7 Nf4+ 46.Kg3 Nxe6 47.Rxd6 Be1+ 48.Kh3 Kg5 49.Rxe6  1/2-1/2

[Event "Zhong Hong Real Estate Cup"]
[Site "Beijing CHN"]
[Date "2001.07.23"]
[Round "4"]
[White "Xu Yaping"]
[Black "Liang Jinrong"]
[Result "1/2-1/2"]
[WhiteElo "2050"]
[BlackElo "2510"]

1.e4 c5 2.c3 Nf6 3.e5 Nd5 4.d4 cxd4 5.Nf3 Nc6 6.cxd4 d6 7.Bc4 Nb6 8.Bb5 dxe5
9.Nxe5 Bd7 10.Nc3 Nxe5 11.dxe5 Bxb5 12.Nxb5 Qxd1+ 13.Kxd1 Nd5 14.Ke2 a6 15.Rd1 O-O-O
16.Nd4 e6 17.Bg5 Rd7 18.Rac1+ Kb8 19.Nb3 h6 20.Be3 Be7 21.g3 Rhd8 22.Bc5 b6
23.Bxe7 Nxe7 24.Rxd7 Rxd7 25.Nd2 Nd5 26.a3 Rc7  1/2-1/2

[Event "3rd Open"]
[Site "Patras GRE"]
[Date "2001.07.23"]
[Round "6"]
[White "Kerimov,Y"]
[Black "Stoumbos,K"]
[Result "1-0"]
[WhiteElo "2064"]
[BlackElo "2217"]

1.e4 c5 2.c3 Nf6 3.e5 Nd5 4.d4 Nc6 5.Nf3 cxd4 6.Bc4 Nb6 7.Bb3 d6 8.exd6 Qxd6
9.O-O Be6 10.Na3 dxc3 11.Nb5 Qxd1 12.Rxd1 Rc8 13.Bxe6 fxe6 14.Nxc3 h6 15.Nb5 a6
16.Nbd4 Nxd4 17.Nxd4 e5 18.Nf3 e4 19.Ne5 g5 20.Ng6 Rg8 21.Nxf8 Rxf8 22.Be3 Nc4
23.Rac1 Kf7 24.Bd4 e5 25.Bc3 Ke6 26.Re1 Kf5 27.Re2 e3 28.f3 Kf4 29.Rce1 Rfd8
30.b3 Rd3 31.Bb4 Nb6 32.Rf1 Nd5 33.Be1 b5 34.g4  1-0

[Event "3rd Open"]
[Site "Patras GRE"]
[Date "2001.07.23"]
[Round "6"]
[White "Managadze,N"]
[Black "Nikolaidis,I"]
[Result "1/2-1/2"]
[WhiteElo "2420"]
[BlackElo "2531"]

1.e4 c5 2.c3 Nf6 3.e5 Nd5 4.d4 cxd4 5.Nf3 e6 6.cxd4 d6 7.a3 Bd7 8.Bd3 Bc6
9.O-O Nd7 10.Qe2 Qc7 11.Bd2 Be7 12.b4 a6 13.Rc1 O-O 14.Ra2  1/2-1/2

[Event "Open"]
[Site "Novosibirsk RUS"]
[Date "2001.07.24"]
[Round "6"]
[White "Vassiliev,G"]
[Black "Shushpanov,R"]
[Result "0-1"]
[WhiteElo "2253"]
[BlackElo "2436"]

1.e4 c5 2.c3 Nf6 3.e5 Nd5 4.d4 cxd4 5.Qxd4 e6 6.Nf3 Nc6 7.Qe4 d6 8.Nbd2 Bd7
9.exd6 Bxd6 10.Nc4 Bc7 11.Nce5 Nf6 12.Qe2 O-O 13.Bg5 Nxe5 14.Nxe5 Bxe5 15.Qxe5 h6
16.Bxf6 Qxf6 17.Qxf6 gxf6 18.O-O-O Bc6 19.Bd3 Kh8 20.Rhg1 Rad8 21.g3 Rd5
22.Rge1 Kg7 23.Be4 Rxd1+ 24.Kxd1 Rd8+ 25.Kc2 Bxe4+ 26.Rxe4 f5 27.Re3 Kf6
28.Rd3 Rxd3 29.Kxd3 Ke5 30.Ke3 Kd5 31.Kf4 Kc4 32.Ke5 a5 33.Kf6 a4 34.h4 Kd3
35.h5 Kc2 36.Kg7 Kxb2 37.Kxh6 Kxa2 38.Kg7 Kb3 39.h6 a3 40.h7 a2 41.h8=Q a1=Q
42.Kxf7 Qxc3 43.Qe8 Qc4 44.f3 f4 45.gxf4 e5+ 46.Kf6 exf4 47.Kf5 b5 48.Qe1 Kc2
49.Kg4 b4 50.Qf2+ Kb3 51.Qd2 Qe6+ 52.Kg5  0-1

[Event "Czech Open"]
[Site "Pardubice CZE"]
[Date "2001.07.24"]
[Round "5"]
[White "Seger,R"]
[Black "Neverov,V"]
[Result "0-1"]
[WhiteElo "2400"]
[BlackElo "2564"]

1.e4 c5 2.c3 Nf6 3.e5 Nd5 4.d4 cxd4 5.Nf3 Nc6 6.Bc4 Nb6 7.Bb3 d5 8.exd6 e6
9.cxd4 Bxd6 10.O-O Ne7 11.Nc3 Bd7 12.Re1 O-O 13.Qd3 Ng6 14.g3 Re8 15.Ng5 Bc6
16.h4 Nf8 17.Be3 h6 18.Nge4 Nd5 19.Rad1 Bb4 20.Bd2 Qb6 21.Nxd5 Bxd5 22.Bxb4 Qxb4
23.Bxd5 exd5 24.Nc3 Rxe1+ 25.Rxe1 Ne6 26.Rd1 Rd8 27.Qb5 Qxb5 28.Nxb5 a6 29.Nc3 Kf8
30.Kf1 Ke7 31.Ke2 h5 32.Kd3 Kd6 33.Re1 f6 34.Nd1 Rc8 35.Ne3 g6 36.a3 f5 37.f4 Nf8
38.Nf1 Nd7 39.Nd2 Nf6 40.Re5 Ng4 41.Re2 Rc1 42.Nf3 Rf1 43.Ne5 Rd1+ 44.Kc3 Nf6
45.Nf7+ Kd7 46.Ne5+ Kc7 47.Nxg6 Ne4+ 48.Kc2 Rxd4 49.Ne7 Nxg3 50.Rg2 Rc4+
51.Kd3 Kd6 52.Rxg3 Kxe7 53.Rg5 Rxf4 54.Rxh5 Kf6 55.Rh7 b5 56.h5 Rh4 57.Ra7 Rxh5
58.Kd4 f4 59.Rxa6+ Kf5 60.Kd3 f3 61.Rc6 Kf4 62.Kd4 f2 63.Rc1 Kf3 64.b3 Kg2
65.Rc2 Kg1  0-1

[Event "ch-Paris Open"]
[Site "Paris FRA"]
[Date "2001.07.25"]
[Round "5"]
[White "Rouzaud,P"]
[Black "Touzane,O"]
[Result "0-1"]
[WhiteElo "2223"]
[BlackElo "2382"]

1.e4 c5 2.c3 Nf6 3.e5 Nd5 4.d4 cxd4 5.Nf3 Nc6 6.Bc4 Nb6 7.Bb3 d5 8.exd6 Qxd6
9.O-O g6 10.Na3 Bg7 11.Nb5 Qb8 12.Nfxd4 O-O 13.Qe2 e5 14.Nxc6 bxc6 15.Na3 a5
16.Rd1 a4 17.Bc2 Be6 18.c4 f5 19.Rb1 Nd7 20.b4 axb3 21.axb3 e4 22.b4 Ne5
23.c5 Bd5 24.Bb3 Nd3 25.Bxd5+ cxd5 26.Rxd3 exd3 27.Qxd3 Qe5 28.Bb2 Qe4 29.Qxe4 fxe4
30.Bxg7 Kxg7 31.Nb5 Rfb8 32.Nc7 Rxb4 33.Rd1 Ra7 34.Ne6+ Kf6 35.Nf4 Rd4 36.Rb1 g5
37.Nh5+ Ke5 38.g4 Rc4 39.Rb5 Rc7 40.Rb8 R4xc5 41.Rg8 h6 42.Ng3 R7c6 43.Nf5 Re6
44.Kg2 d4 45.Ra8 d3 46.Ra1 h5 47.h3 hxg4 48.hxg4 Kf4 49.Ne3 Rec6 50.Rb1 Rc1
51.Rb2 R6c5 52.Rb8 Re1 53.Rf8+ Ke5 54.Rd8 Rcc1 55.Re8+ Kd4 56.Rd8+ Kc3 57.Rc8+ Kd2  0-1

[Event "MTO"]
[Site "Biel SUI"]
[Date "2001.07.26"]
[Round "4"]
[White "Cherniaev,A"]
[Black "Schaufelberger,H"]
[Result "0-1"]
[WhiteElo "2437"]
[BlackElo "2258"]

1.e4 c5 2.c3 Nf6 3.e5 Nd5 4.Nf3 d6 5.d4 cxd4 6.Bc4 e6 7.cxd4 Nc6 8.O-O Be7
9.Qe2 O-O 10.Rd1 Na5 11.Bxd5 exd5 12.Nc3 Be6 13.Bf4 a6 14.h3 Rc8 15.Rac1 Re8
16.b3 Nc6 17.Qb2 h6 18.Na4 dxe5 19.dxe5 Nb4 20.Rxc8 Bxc8 21.a3 Nc6 22.Be3 f6
23.Bb6 Qd7 24.Nc3 d4 25.Bxd4 Nxd4 26.Rxd4 Qc6 27.Nd5 Bc5 28.Rd1 Be6 29.Nf4 Bf7
30.b4 Ba7 31.exf6 gxf6 32.Qd2 Qc4 33.Rc1 Qb5 34.Nh2 h5 35.Nf3 Qf5 36.Rd1 Bb8
37.Ne2 Qe4 38.Nc3 Qc4 39.Nd5 Kg7 40.Nxf6 Kxf6 41.Qg5+ Ke6 42.Qe5+ Bxe5  0-1

[Event "Continental Open"]
[Site "Las Vegas USA"]
[Date "2001.07.26"]
[Round "1"]
[White "Harmon,C"]
[Black "Browne,W"]
[Result "0-1"]
[WhiteElo "2207"]
[BlackElo "2447"]

1.e4 c5 2.c3 Nf6 3.e5 Nd5 4.Nf3 Nc6 5.Bc4 Nb6 6.Bb3 c4 7.Bc2 Qc7 8.Qe2 g5
9.Nxg5 Qxe5 10.Qxe5 Nxe5 11.Ke2 Rg8 12.Nf3 Nxf3 13.Kxf3 d5 14.g3 e5 15.Kg2 h5
16.Re1 f6 17.b3 Bg4 18.f3 Be6 19.f4 Bd6 20.Ba3 Bc7 21.Bc5 Nd7 22.Bf2 a6 23.bxc4 dxc4
24.Be4 O-O-O 25.f5 Bf7 26.Bf3 Bd6 27.Be3 Nc5 28.Rf1 h4 29.g4 e4 30.Be2 h3+
31.Kh1 Nd3 32.a4 Bc5 33.Bxc5 Nxc5 34.Ra2 Nb3 35.Rd1 b5 36.axb5 axb5 37.Ra6 Bd5
38.Kg1 Rgf8 39.Rb6 e3 40.dxe3 Be4 41.Na3 Rxd1+ 42.Bxd1 Rd8 43.Bxb3 cxb3 44.Rxb5 Rd2
45.Rxb3 Rg2+ 46.Kf1 Bd3+ 47.Ke1 Rxh2 48.Nb5 Re2+ 49.Kd1 h2 50.Nd6+ Kd7 51.Rb7+ Kxd6
52.Rh7 Rg2 53.Rh6 Bc4  0-1

[Event "ch-Paris Open"]
[Site "Paris FRA"]
[Date "2001.07.26"]
[Round "6"]
[White "Larrat,P"]
[Black "Ballester,A"]
[Result "1-0"]
[WhiteElo "2176"]
[BlackElo "2114"]

1.e4 c5 2.c3 Nf6 3.e5 Nd5 4.d4 cxd4 5.Nf3 Nc6 6.Bc4 Nb6 7.Bb3 d5 8.exd6 Qxd6
9.O-O Be6 10.Bxe6 Qxe6 11.Nxd4 Nxd4 12.Qxd4 Rd8 13.Qh4 Qe2 14.Be3 Qxb2 15.Nd2 Rxd2
16.Rab1 Qxc3 17.Bxd2 Qxd2 18.Rfd1 Qc3 19.Rxb6 f6 20.Rxb7  1-0

[Event "EuChJun Girls"]
[Site "Patras GRE"]
[Date "2001.07.26"]
[Round "10"]
[White "Richards,H"]
[Black "Zakurdjaeva,I"]
[Result "0-1"]
[WhiteElo "2230"]
[BlackElo "2264"]

1.e4 c5 2.c3 Nf6 3.e5 Nd5 4.Nf3 Nc6 5.Bc4 Nb6 6.Bb3 d5 7.exd6 Qxd6 8.O-O c4
9.Bc2 Bg4 10.Re1 e6 11.b3 Qc7 12.Ba3 O-O-O 13.Qe2 Qf4 14.Qe4 Qxe4 15.Bxe4 Bxf3
16.Bxf3 Bxa3 17.Nxa3 Rxd2 18.b4 Rhd8 19.Re4 Kb8 20.h3 R8d3 21.Nxc4 Nxc4 22.Rxc4 Ne5
23.Rf4 Nxf3+ 24.gxf3 f6 25.c4 e5 26.Rh4 h6 27.a4 Rxf3 28.Rf1 Ra2 29.a5 Rb3
30.Rd1 Rxb4 31.Rd7 Rb1+ 32.Kg2 Rbb2 33.Rxg7 Rxf2+ 34.Kh1 Rh2+ 35.Kg1 Rhc2
36.Kh1 Rxa5 37.Rxh6 Ra1+ 38.Rg1 Rxg1+ 39.Kxg1 Rxc4 40.Rh8+ Kc7 41.h4 a5 42.h5 a4
43.h6 a3 44.h7 Rh4 45.Kf2 a2 46.Ra8 Rxh7 47.Kg3 f5 48.Rxa2 Kd6 49.Rb2 Kc5
50.Re2 Kd4 51.Rd2+ Ke3 52.Rb2 Rg7+ 53.Kh3 e4  0-1

[Event "COQ Open"]
[Site "Quebec CAN"]
[Date "2001.07.26"]
[Round "7"]
[White "Rozentalis,E"]
[Black "Oral,T"]
[Result "1/2-1/2"]
[WhiteElo "2588"]
[BlackElo "2540"]

1.e4 c5 2.c3 Nf6 3.e5 Nd5 4.Nf3 e6 5.Bc4 Nb6 6.Bb3 c4 7.Bc2 d6 8.exd6 Bxd6
9.O-O O-O 10.d4 cxd3 11.Qxd3 g6 12.Rd1 Be7 13.Qe3 Qc7 14.Qh6 N8d7 15.Nbd2 Nf6
16.Ng5 Rd8 17.Nde4 Rxd1+ 18.Bxd1 Nbd7 19.Ba4 Nf8 20.Nxf6+ Bxf6 21.Ne4 Bg7
22.Qh4 Kh8 23.Bh6 Bxh6 24.Qxh6 Bd7 25.Bb3 Bc6 26.Nf6 Qe5 27.Qh4 Kg7 28.Ng4 Qf4  1/2-1/2

[Event "Open"]
[Site "Novosibirsk RUS"]
[Date "2001.07.28"]
[Round "10"]
[White "Grachev,J"]
[Black "Permiakov,V"]
[Result "0-1"]
[WhiteElo "2380"]
[BlackElo "2345"]

1.e4 c5 2.c3 Nf6 3.e5 Nd5 4.d4 cxd4 5.Qxd4 e6 6.Bc4 Nc6 7.Qe4 Nde7 8.Qe2 Qc7
9.f4 h5 10.Nf3 Nf5 11.Bd3 Ncd4 12.Nxd4 Nxd4 13.Qf2 Nf5 14.Nd2 b6 15.Bxf5 exf5
16.Nf3 Ba6 17.Be3 Qc4 18.Nd4 g6 19.Qe2 Qa4 20.Qf3 Rb8 21.Kf2 Be7 22.Rhd1 Qc4
23.Kg1 h4 24.h3 Bb7 25.Qf1 Qxf1+ 26.Kxf1 a6 27.Kf2 Be4 28.Rd2 f6 29.Rad1 fxe5
30.fxe5 Rb7 31.Nf3 Rh5 32.Rd4 g5 33.Nd2 Bc6 34.Nc4 f4 35.Bc1 Rb8 36.Nd6+ Kf8
37.b3 Kg8 38.c4 Rf8 39.Ne4 g4 40.hxg4 Rxe5 41.Re1 h3 42.g3 Bc5  0-1

[Event "Pre-Continental g/25,10"]
[Site "Sao Paulo BRA"]
[Date "2001.07.28"]
[Round "2"]
[White "Matsuura,E"]
[Black "Sunye Neto,J"]
[Result "1/2-1/2"]
[WhiteElo "2437"]
[BlackElo "2558"]

1.e4 c5 2.c3 Nf6 3.e5 Nd5 4.d4 cxd4 5.Nf3 Nc6 6.Bc4 e6 7.cxd4 d6 8.O-O Be7
9.Qe2 O-O 10.Rd1 a6 11.Bd2 Bd7 12.Nc3 Nxc3 13.Bxc3 d5 14.Bd3 b5 15.Rac1 Qb6
16.Bb1 f5 17.exf6 Bxf6 18.Ne5 Bxe5 19.dxe5 Be8 20.Be1 Bg6 21.Bxg6 hxg6 22.Qc2 Nxe5
23.Bc3 Rac8 24.Qe2 Nd7 25.Ba5 Qd6 26.Bb4 Qxb4 27.Qxe6+ Kh7 28.Qh3+ Kg8 29.Rxc8 Rxc8
30.Qxd7 Rc2 31.Qxd5+ Kh7 32.Qf3 Qc5 33.b4 Qh5 34.Qxh5+ gxh5 35.g3 Rxa2 36.Rd6 Ra4
37.h4 Rxb4  1/2-1/2

[Event "Open"]
[Site "Korinthos GRE"]
[Date "2001.07.29"]
[Round "2"]
[White "Kerimov,Y"]
[Black "Bagaturov,G"]
[Result "0-1"]
[WhiteElo "2064"]
[BlackElo "2489"]

1.e4 c5 2.c3 Nf6 3.e5 Nd5 4.d4 cxd4 5.Nf3 e6 6.cxd4 b6 7.Nc3 Nxc3 8.bxc3 Qc7
9.Bd2 d6 10.Bd3 Bb7 11.O-O Nd7 12.Ng5 dxe5 13.Qh5 g6 14.Qh3 Be7 15.Rfe1 Bxg5
16.Bxg5 O-O 17.dxe5 Rac8 18.Rac1 Qc5 19.Qh6 Nxe5 20.Re3 Ng4 21.Qh4 Nxe3 22.Bxe3 Qd5
23.Bf1 Rfd8 24.Bg5 Rd7 25.Bf6 Qh5 26.Qf4 Qf5 27.Qh4 Rd5 28.Be2 g5 29.Qh6 Qg6
30.Qxg6+ hxg6 31.Bf3 Rd7 32.Bxb7 Rxb7 33.Bxg5  0-1

[Event "1st Asean Open"]
[Site "Bandar Seri Begawan BRU"]
[Date "2001.07.31"]
[Round "3"]
[White "Megararanto,S"]
[Black "Myo Naing"]
[Result "1/2-1/2"]
[WhiteElo "2234"]
[BlackElo "2413"]

1.e4 c5 2.c3 Nf6 3.e5 Nd5 4.d4 cxd4 5.Nf3 e6 6.cxd4 d6 7.Nc3 Nxc3 8.bxc3 Bd7
9.Bd3 Bc6 10.O-O Nd7 11.Bf4 dxe5 12.Nxe5 Nxe5 13.Bxe5 Bd6 14.Re1 Qg5 15.f3 Rd8
16.Qe2 Bxe5 17.Qxe5 Qxe5 18.Rxe5 Ke7 19.Ra5 a6 20.Rb1 Rd5 21.Rxd5 Bxd5 22.c4 Bc6
23.Be4 Rd8 24.d5 exd5 25.cxd5 Bxd5 26.Bxd5 Rxd5 27.Rxb7+ Ke6  1/2-1/2

[Event "Ladies"]
[Site "Hasselbacken SWE"]
[Date "2001.08.01"]
[Round "5"]
[White "Rantanen,T"]
[Black "Gretarsdottir,L"]
[Result "1-0"]
[WhiteElo "2117"]
[BlackElo "2053"]

1.e4 c5 2.c3 Nf6 3.e5 Nd5 4.d4 cxd4 5.Nf3 e6 6.Bc4 Nb6 7.Bb3 dxc3 8.Nxc3 d5
9.exd6 Bxd6 10.O-O O-O 11.Ng5 Be7 12.Qh5 h6 13.Rd1 Qe8 14.Nh3 f5 15.Qe2 Bb4
16.Nb5 Na6 17.a3 Bc5 18.Nf4 Kh8 19.Bxe6 Bxe6 20.Nxe6 Rf7 21.b4 Re7 22.Re1 Nxb4
23.Nbc7 Qc8 24.Nxa8 Nxa8 25.Bxh6 gxh6 26.Qe5+ Kg8 27.Qxc5 Qxc5 28.Nxc5 Rc7
29.axb4  1-0

[Event "Open"]
[Site "Willemstad, Curacao AHO"]
[Date "2001.08.02"]
[Round "8"]
[White "Tischbierek,R"]
[Black "Macieja,B"]
[Result "0-1"]
[WhiteElo "2493"]
[BlackElo "2588"]

1.e4 c5 2.c3 Nf6 3.e5 Nd5 4.d4 cxd4 5.Nf3 Nc6 6.cxd4 d6 7.Bc4 Nb6 8.Bb3 dxe5
9.d5 Na5 10.Nc3 f6 11.O-O g6 12.Be3 Bg7 13.Rc1 Bd7 14.Bxb6 axb6 15.Ba4 Nc4
16.Bxd7+ Qxd7 17.d6 Bh6 18.Nd5 Bxc1 19.Nc7+ Kf7 20.Qd5+ e6 21.Nxe6 Qxe6 22.Qxb7+ Kg8
23.Qxa8+ Kg7 24.Qb7+ Qf7 25.Qxf7+ Kxf7 26.Rxc1 Nxd6 27.Kf1 Kg7 28.Ke2 b5
29.Nd2 Ra8 30.a3 h5 31.f3 Ra4 32.Rc6 Kf7 33.Rc5 g5 34.h3 Ke6 35.g4 h4 36.Rc6 Kd7
37.Rc5 Ke6 38.Rc6 Kd5 39.Rc7 b4 40.axb4 Rxb4 41.b3 Nb5 42.Rc8 Nd4+ 43.Ke3 Rb6
44.Rc3 Ke6 45.Kd3 Rb8 46.Rc4 Rb6 47.Rc3 Kf7 48.Rc7+ Kg6 49.Kc4 Ra6 50.Rb7 Ra2
51.Kd3 Ne6 52.Ne4 Nf8 53.Kc3 Rh2 54.Rb6 Nd7  0-1

[Event "Nordic Championships"]
[Site "Bergen NOR"]
[Date "2001.08.04"]
[Round "1"]
[White "Myhrvold,R"]
[Black "Edvardsen,R"]
[Result "1/2-1/2"]
[WhiteElo "2248"]
[BlackElo "2023"]

1.e4 c5 2.c3 Nf6 3.e5 Nd5 4.d4 cxd4 5.cxd4 e6 6.Nf3 Nc6 7.Bd3 Be7 8.Nc3 Nxc3
9.bxc3 f5 10.exf6 Bxf6 11.O-O O-O 12.Qc2 g6 13.h4 Qe7 14.Bh6 Bg7 15.Bg5 Bf6
16.Rfe1 Qg7 17.Qd2 Bxg5 18.hxg5 b6 19.Nh2 Bb7 20.Ng4 Ne7 21.Nf6+ Rxf6 22.gxf6 Qxf6
23.Be4 Bxe4 24.Rxe4 Rf8 25.Rae1 Nd5 26.c4 Nf4 27.Qe3 h5 28.Re5 Kg7 29.Qf3 g5
30.Rf1 g4 31.Qg3 Qxe5 32.dxe5 Ne2+ 33.Kh2 Nxg3 34.Kxg3 Kg6 35.Rd1 Rf7 36.Rd2 Kg5
37.a4 h4+ 38.Kh2 Rxf2 39.Rxd7 Rc2 40.Rg7+ Kf5 41.Rxa7 h3 42.Rb7 Rxg2+ 43.Kh1 Rc2
44.Rxb6 g3 45.Rb1 Rxc4 46.Ra1 Kxe5 47.a5 Rc7 48.a6 Ra7 49.Kg1 Kf5 50.Ra3 Kf4
51.Ra4+ Ke5 52.Ra3 Kd4 53.Rxg3 Rxa6 54.Rxh3 e5 55.Kf2 Ra2+ 56.Ke1 Rb2 57.Kd1 Ke4
58.Ke1 Ra2 59.Rb3 Rh2 60.Ra3 Kf4 61.Kf1 Rd2 62.Ke1 Rd4 63.Ke2 e4 64.Ra8 Rd5
65.Ra3 Rh5 66.Rb3 Rh2+ 67.Ke1 Ra2 68.Rc3 Ra4 69.Ke2 Rb4 70.Ra3 Rb2+ 71.Ke1 Rc2
72.Rb3 Rc5 73.Ke2 Rh5 74.Ra3 Rh2+ 75.Ke1 Rc2 76.Rb3 Ra2 77.Rc3 e3 78.Rc8 Kf3
79.Rf8+ Ke4 80.Re8+ Kd3  1/2-1/2

[Event "Strange Badger"]
[Site "Bucharest ROM"]
[Date "2001.08.05"]
[Round "1"]
[White "Murariu,A"]
[Black "Trajkovic,P"]
[Result "1/2-1/2"]
[WhiteElo "2287"]
[BlackElo "2360"]

1.e4 c5 2.c3 Nf6 3.e5 Nd5 4.d4 cxd4 5.Nf3 e6 6.cxd4 d6 7.Nc3 Nxc3 8.bxc3 Qc7
9.Bd2 Nd7 10.exd6 Bxd6 11.Bd3 O-O 12.Qe2 Nf6 13.O-O Nd5 14.Qe4 f5 15.Qe1 Bd7
16.c4 Nf4 17.Bxf4 Bxf4 18.g3 Bh6 19.Ne5 Qd6 20.Qc3 Bc6 21.c5 Qd5 22.Nxc6 bxc6
23.Bc4 Qd7 24.Rfe1 Rf6 25.Re5 g5 26.Rae1 Re8 27.Qb3 Qxd4 28.Rxe6 Rexe6 29.Rxe6 Kh8
30.Rxf6 Qxf6 31.Qb8+ Bf8 32.Be6 f4 33.Bd7 f3 34.h3 Qe7 35.Qe8 Qxe8 36.Bxe8 Kg7
37.Bxc6 Bxc5 38.Bxf3 Kf6 39.Be4 h6 40.Kg2 Bb6 41.Kf3 Bc5 42.Bc2 Bb6 43.Ke2 Bc7
44.Kd3 Ke5 45.Ke3 Bb6+ 46.Kf3 Bc5 47.h4 gxh4 48.gxh4 Ba3 49.Kg4 Bc1 50.Kh5 Kf6  1/2-1/2

[Event "Valoz Cup"]
[Site "Olomouc CZE"]
[Date "2001.08.05"]
[Round "6"]
[White "Bazant,P jr"]
[Black "Calzetta,M"]
[Result "0-1"]
[WhiteElo "2337"]
[BlackElo "2308"]

1.e4 c5 2.c3 Nf6 3.e5 Nd5 4.Nf3 Nc6 5.Bc4 Nb6 6.Bb3 c4 7.Bc2 g5 8.e6 dxe6
9.Nxg5 Qd5 10.Qh5 Nd8 11.Be4 Qe5 12.d4 cxd3 13.Qh4 Bd7 14.Nd2 h6 15.Ngf3 Qc7
16.Nb3 Bg7 17.Qg3 Qxg3 18.hxg3 Bb5 19.Nbd4 Ba6 20.g4 Na4 21.Nb3 Nc6 22.Rh5 Rc8
23.Kd2 b6 24.Ke3 Nb8 25.Ne5 Bxe5 26.Rxe5 Nd7 27.Rh5 Nf6 28.Rh4 Rg8 29.f3 Nxe4
30.Kxe4 f5+ 31.Ke5 fxg4 32.fxg4 Rc4 33.Nd4 Bb7 34.Bxh6 Rc5+ 35.Kf4 e5+ 36.Ke3 exd4+
37.cxd4 Rc2 38.Kxd3 Rxg2 39.b3 Ba6+ 40.Ke3 Nc3 41.g5 Rg6 42.d5 Re2+ 43.Kd4 Nb5+
44.Kd3 Nd6+ 45.Kc3 Ne4+ 46.Kd4 Nxg5  0-1

[Event "Nordic Championships"]
[Site "Bergen NOR"]
[Date "2001.08.07"]
[Round "4"]
[White "Ofstad,P"]
[Black "Stam,B"]
[Result "1-0"]
[WhiteElo "2205"]
[BlackElo "2088"]

1.e4 c5 2.c3 Nf6 3.e5 Nd5 4.g3 d6 5.exd6 Qxd6 6.Bg2 Nc6 7.Na3 e6 8.Nf3 Be7
9.O-O O-O 10.d4 cxd4 11.Nb5 Qc5 12.Nbxd4 Bd7 13.Nb3 Qc4 14.Nfd2 Qa4 15.Ne4 b6
16.Qe2 Rad8 17.c4 Qa6 18.Re1 Nf6 19.Nc3 Na5 20.Nxa5 Qxa5 21.Bd2 Qf5 22.Ne4 Bc8
23.Bc3 Ba6 24.b3 Rd7 25.Nxf6+ Bxf6 26.Be4 Qh3 27.Bxf6 gxf6 28.Rad1 Rfd8 29.Rxd7 Rxd7
30.Rd1 Rxd1+ 31.Qxd1 f5 32.Qd8+ Kg7 33.Qg5+ Kf8 34.Qd8+ Kg7 35.Qg5+ Kf8 36.f3 b5
37.Qd8+ Kg7 38.Qd4+ Kg6 39.Qxa7  1-0

[Event "Strange Badger"]
[Site "Bucharest ROM"]
[Date "2001.08.07"]
[Round "3"]
[White "Murariu,A"]
[Black "Sebe,F"]
[Result "1-0"]
[WhiteElo "2287"]
[BlackElo "2286"]

1.e4 c5 2.c3 Nf6 3.e5 Nd5 4.d4 cxd4 5.Nf3 e6 6.cxd4 d6 7.Bc4 Nd7 8.O-O N7b6
9.Bb3 Bd7 10.Nbd2 Bb5 11.Re1 Bd3 12.Ne4 Bxe4 13.Rxe4 Be7 14.Rg4 Kf8 15.Ng5 h6
16.Ne4 dxe5 17.dxe5 Qc7 18.Qd4 Rd8 19.Nd6 Nf6 20.exf6 Bxf6 21.Qe4 Qxd6 22.Be3 Bxb2
23.Qc2 Bxa1 24.Bc5 Ke7 25.Bxd6+ Rxd6 26.Qc7+ Rd7 27.Qc5+ Rd6 28.Qc7+ Rd7
29.Qc5+ Rd6 30.g3 Rc8 31.Qa3 a6 32.Rf4 Bf6 33.Rb4 Kd7 34.Rxb6 Rxb6 35.Ba4+ Rbc6
36.Bxc6+ Kxc6 37.Qf3+ Kb6 38.Qe3+ Rc5 39.h4 Kc6 40.Kg2 Rd5 41.Qf4 Rd7 42.Kh3 h5
43.Qa4+ Kc7 44.Qa5+ Kc6 45.Qxh5 b5 46.Qf3+ Kb6 47.Qf4 Ka5 48.f3 Bc3 49.Qe3 Rc7
50.g4 Rc4 51.Qa7 f5 52.Qe7 fxg4+ 53.fxg4 Rc6 54.Qd7 Kb6 55.Qe8 b4 56.g5 a5
57.h5 Kc5 58.h6 gxh6 59.gxh6 a4 60.Qf8+ Kb5 61.Qf4 Rc4 62.Qf1 Bd4 63.h7 Bc3
64.Qf7 Rc6 65.Qb7+ Rb6 66.Qf3 Rc6 67.Qe2+ Kb6 68.Qd1 Kb5 69.Qh5+ Kb6 70.h8=Q Bxh8
71.Qxh8 b3 72.a3 Rc2 73.Qd4+ Rc5 74.Qd6+ Rc6 75.Qb8+ Kc5 76.Qb4+ Kd5 77.Qb5+ Rc5
78.Qd7+ Ke5 79.Qxa4 Rc3+ 80.Kg4 Kd5 81.Kg5 e5 82.Qb4 Rg3+ 83.Kf6 Rf3+ 84.Ke7 e4
85.a4 Rd3 86.a5 e3 87.a6 e2 88.a7 Re3+  1-0

[Event "7th Stage Russian Cup"]
[Site "Togliatty RUS"]
[Date "2001.08.08"]
[Round "1"]
[White "Salakhova,G"]
[Black "Grebionkin,Vl"]
[Result "0-1"]
[WhiteElo "2234"]
[BlackElo "2465"]

1.e4 c5 2.c3 Nf6 3.e5 Nd5 4.d4 cxd4 5.Qxd4 e6 6.Nf3 Nc6 7.Qe4 f5 8.Qe2 Qc7
9.g3 b5 10.Bg2 a5 11.O-O Ba6 12.Rd1 Bc5 13.Ng5 Nde7 14.Bf4 h6 15.Nf3 b4 16.Qd2 Rb8
17.h4 Nd5 18.Nd4 Nxf4 19.gxf4 bxc3 20.bxc3 Ne7 21.Nb3 Bb6 22.Na3 a4 23.Nd4 Bc5
24.Nac2 O-O 25.Nb4 Bc4 26.Rab1 Rb6 27.Bf1 Bxf1 28.Kxf1 Qb7 29.Kg1 Ng6 30.h5 Nh4
31.Kf1 Rb8 32.a3 Qg2+ 33.Ke2 Nf3 34.Qe3 Nxd4+ 35.cxd4 Bxb4 36.axb4 Rxb4 37.Rxb4 Rxb4
38.Qc3 Rb3 39.Qc8+ Kh7 40.Qc2 Rf3 41.Rf1 Rxf4 42.Qd3 a3  0-1

[Event "Nordic Championships"]
[Site "Bergen NOR"]
[Date "2001.08.09"]
[Round "6"]
[White "Myhrvold,R"]
[Black "Trygstad,K"]
[Result "0-1"]
[WhiteElo "2248"]
[BlackElo "2323"]

1.e4 c5 2.c3 Nf6 3.e5 Nd5 4.d4 cxd4 5.cxd4 e6 6.Nf3 d6 7.a3 Nc6 8.Bd3 g6
9.O-O Bg7 10.Re1 O-O 11.Nc3 Nxc3 12.bxc3 dxe5 13.dxe5 Qa5 14.Qe2 b6 15.c4 Bb7
16.Bb2 Rad8 17.Rad1 Qc5 18.h4 Na5 19.Ng5 Qe7 20.Qg4 Nb3 21.h5 h6 22.Nh3 Nc5
23.Bc2 Rxd1 24.Rxd1 g5 25.f4 gxf4 26.Qxf4 f5 27.exf6 Bxf6 28.Qg4+ Qg7 29.Qxg7+ Kxg7
30.Bc1 Be5 31.Be3 Bc6 32.Nf2 Bf4 33.Bd4+ e5 34.Bxc5 bxc5 35.Rd6 Be8 36.Ne4 Be3+
37.Kh2 Bxh5 38.Rd7+ Rf7 39.Rxf7+ Kxf7 40.g3 Be2 41.Kh3 Ke6 42.Bb3  0-1